书目信息 |
| 题名: |
关键路径法在工程管理中的应用
|
|
| 作者: | 奥布莱恩 , 普洛特尼克 著 ;王亮 译 | |
| 分册: | ||
| 出版信息: | 北京 中国建筑工业出版社 2016.09 |
|
| 页数: | 266页 | |
| 开本: | 26cm | |
| 丛书名: | ||
| 单 册: | ||
| 中图分类: | TU71 | |
| 科图分类: | ||
| 主题词: | 建筑工程--施工管理 | |
| 电子资源: | ||
| ISBN: | 978-7-112-18821-5 | |
| 000 | 01761nam0 2200301 450 | |
| 001 | 4478 | |
| 005 | 20181012100149.51 | |
| 010 | @a978-7-112-18821-5@dCNY68.00 | |
| 100 | @a20170427d2016 em y0chiy50 ea | |
| 101 | 1 | @achi@ceng |
| 102 | @aCN@b110000 | |
| 105 | @aak z 000yy | |
| 200 | 1 | @a关键路径法在工程管理中的应用@9guan jian lu jing fa zai gong cheng guan li zhong de ying yong@f(美)詹姆斯·J·奥布莱恩,弗雷德里克·L·普洛特尼克著@g王亮译 |
| 210 | @a北京@c中国建筑工业出版社@d2016.09 | |
| 215 | @a266页@c图@d26cm | |
| 305 | @a译自原著第7版 | |
| 306 | @a本书由麦格劳·希尔(亚洲)教育出版公司正式授权出版。 | |
| 312 | @a封面题英文并列题名:CPM in construction management | |
| 314 | @a詹姆斯·J·奥布莱恩,注册工程师,项目管理专业人员,O'Brien-Freitzberg & Associates董事会前副主席,这是一个施工管理公司,管理过很多不同项目,如旧金山缆车系统的更新,6个核电厂的项目和审核,和肯尼迪国际机场重建的项目管理等 ; 弗雷德里克·L·普洛特尼克,博士,Enginnering & Property Management Consultants,inc.的CEO的总顾问,管理项目的规划需求,这些项目包括高速公路、铁路、水处理设施、煤电厂、核电厂、体育馆、机场等。 | |
| 330 | @a本书内容有:《第1部分关键路径法进度计划引论》、第1章引言,《进度安排适用于每个人》、《不教使用方法而教原理》、《进度安排系统的发展历史》、《制定“待办事项”表单》、《甘特图和条形图》、《关键路径法安排进度的发展历程》、《绩效评审技术进度安排的发展历程》、《关键路径法和绩效评审技术的比较》等。 | |
| 510 | 1 | @aCPM in construction management@zeng |
| 606 | 0 | @a建筑工程@x施工管理 |
| 690 | @aTU71@v5 | |
| 701 | 1 | @c(美)@a奥布莱恩@9ao bu lai en@c(Brien, James J. O')@4著 |
| 701 | 1 | @c(美)@a普洛特尼克@9pu luo te ni ke@c(Plotnick, Fredric L.)@4著 |
| 702 | 0 | @a王亮@9wang liang@4译 |
| 801 | 0 | @aCN@b91MARC@c20170427 |
| 905 | @aMuseLib@dTU71@e1455 | |
| 关键路径法在工程管理中的应用/(美)詹姆斯·J·奥布莱恩,弗雷德里克·L·普洛特尼克著/王亮译.-北京:中国建筑工业出版社,2016.09 |
| 266页:图;26cm |
| ISBN 978-7-112-18821-5:CNY68.00 |
| 本书内容有:《第1部分关键路径法进度计划引论》、第1章引言,《进度安排适用于每个人》、《不教使用方法而教原理》、《进度安排系统的发展历史》、《制定“待办事项”表单》、《甘特图和条形图》、《关键路径法安排进度的发展历程》、《绩效评审技术进度安排的发展历程》、《关键路径法和绩效评审技术的比较》等。 |
| ● |
| 相关链接 |
|
|
|
|
正题名:关键路径法在工程管理中的应用
索取号:TU71/1455
 
预约/预借
| 序号 | 登录号 | 条形码 | 馆藏地/架位号 | 状态 | 备注 |
| 1 | 1125306 | 211253061 | 第二样本阅览室/ [索取号:TU71/1455] | 在馆 | |
| 2 | 1125307 | 211253070 | 第三借阅区/ [索取号:TU71/1455] | 在馆 | |
| 3 | 1125308 | 211253089 | 第三借阅区/ [索取号:TU71/1455] | 在馆 | |
| 4 | 1125309 | 211253098 | 第三借阅区/ [索取号:TU71/1455] | 在馆 | |
| 5 | 1125310 | 211253105 | 密集书库-物理学院/ [索取号:TU71/1455] | 在馆 |